[Event "Landesjugendeinzelmeisterschaft M-V u12"]
[Site "Malchow 2024"]
[Date "2024.02.03"]
[Round "1.1"]
[White "Tran, Nhat Nam"]
[Black "Zietz, Leni"]
[Result "1-0"]
[WhiteElo "1471"]
[BlackElo "873"]
[Time "14:30:00"]
[WhiteTeam "Greifswalder SV"]
[BlackTeam "TuS Makkabi Rostock"]

1.e4 c5 2.Nf3 Nc6 3.c3 g6 4.Bb5 Bg7 5.Bxc6 dxc6 6.h3 Nf6 7.d3 c4 8.e5 Ng8 
9.d4 Nh6 10.Bf4 c5 11.O-O Bf5 12.Qa4+ Bd7 13.Qxc4 Rc8 14.Qe2 a6 15.d5 O-O 
16.Qd2 Bb5 17.Re1 f6 18.Bxh6 fxe5 19.Bxg7 Kxg7 20.Ng5 Bd7 21.Rxe5 Qb6 22.
Ne6+ Bxe6 23.Rxe6 Qc7 24.Qg5 Rf6 25.Qe5 Qxe5 26.Rxe5 Re8 27.Nd2 e6 28.Rae1
Ref8 29.f3 exd5 30.Rxd5 b6 31.Rd7+ Kg8 32.Ree7 R8f7 33.Rxf7 Rxf7 34.Rxf7 
Kxf7 35.Kf2 b5 36.Ke3 h5 37.Ke4 a5 38.Kd5 Kf6 39.Kxc5 Kf5 40.Kxb5 Kf4 41.
Ne4 Ke3 42.c4 Kd4 43.c5 Kd5 44.c6 a4 45.c7 a3 46.bxa3 Kd4 47.c8=Q Ke3 48.
Qc3+ Ke2 49.Qd2+ Kf1 50.Qf2# 1-0

[Event "Landesjugendeinzelmeisterschaft M-V u12"]
[Site "Malchow 2024"]
[Date "2024.02.03"]
[Round "1.2"]
[White "GÃ¼nther, Toni"]
[Black "Briese, Sophie"]
[Result "0-1"]
[WhiteElo "839"]
[BlackElo "1279"]
[Time "14:30:00"]
[WhiteTeam "SAV Torgelow-DrÃ¶geheide 90"]
[BlackTeam "SAV Torgelow-DrÃ¶geheide 90"]

1.e4 c5 2.Nf3 e6 3.d4 cxd4 4.Nxd4 a6 5.Nc3 Qc7 6.Be3 Bb4 7.Qd2 Nf6 8.f3 d5
9.exd5 Nxd5 10.a3 Bxc3 11.bxc3 Nxc3 12.a4 Nd5 13.Be2 Nc6 14.Nxc6 Qxc6 15.Bb5
axb5 16.axb5 Rxa1+
0-1

[Event "Landesjugendeinzelmeisterschaft M-V u12"]
[Site "Malchow 2024"]
[Date "2024.02.03"]
[Round "1.3"]
[White "Wetzig, Karl Anton"]
[Black "Martinez, Victor"]
[Result "1-0"]
[WhiteElo "1121"]
[BlackElo "812"]
[Time "14:30:00"]
[WhiteTeam "SF Schwerin"]
[BlackTeam "Think Rochade - SC HRO"]

1.e4 d5 2.Nc3 Be6 3.d4 Nf6 4.e5 Bg4 5.f3 Nfd7 6.fxg4 e6 7.Nf3 c6 8.Bd3 Qa5 9.O-O
Be7 10.a3 O-O 11.Bg5 Bxg5 12.Nxg5 Qb6 13.Bxh7+ Kh8 14.Qd3 c5 15.Nxf7+ Rxf7
16.Rxf7 cxd4 17.Ne2 Qxb2 18.Raf1 Nc6 19.Qg6 Rg8 20.Bxg8 Nf8 21.Qxg7#
1-0

[Event "Landesjugendeinzelmeisterschaft M-V u12"]
[Site "Malchow 2024"]
[Date "2024.02.03"]
[Round "1.4"]
[White "Koldrack, Konrad"]
[Black "Subocz, Barbara"]
[Result "0-1"]
[WhiteElo "795"]
[BlackElo "1093"]
[Time "14:30:00"]
[WhiteTeam "Think Rochade - SC HRO"]
[BlackTeam "SAV Torgelow-DrÃ¶geheide 90"]

1.e4 e5 2.Nf3 Nc6 3.Bc4 Nf6 4.Nc3 Bb4 5.a3 Bc5 6.d3 O-O 7.O-O d6 8.Bg5 Be6 9.Qd2
a6 10.Rae1 h6 11.Be3 Bb6 12.Ne2 Bg4 13.Nh4 Nh5 14.Nf5 Qd7 15.f3 Bxf5 16.exf5
Qxf5 17.Ng3 Nxg3 18.hxg3 Qg5 19.f4 Qxg3 20.Rf3 Bxe3+ 21.Qxe3 Qg4 22.Rg3 Qf5
23.Bd5 exf4 24.Be4 Qf6 25.Qf3 Nd4 26.Qg4 fxg3 27.Re3 Qg5 28.Qxg5 hxg5 29.Rxg3
Ne2+ 30.Kh2 Nxg3 31.Kxg3 Rae8 32.Bxb7 a5 33.Bc6 Re2 34.b4 Rxc2 35.Kg4 Rxc6
0-1

[Event "Landesjugendeinzelmeisterschaft M-V u12"]
[Site "Malchow 2024"]
[Date "2024.02.03"]
[Round "1.5"]
[White "Vollendorff, Lukas"]
[Black "Zarbock, Tim Pepe"]
[Result "1-0"]
[WhiteElo "1058"]
[BlackElo "770"]
[Time "14:30:00"]
[WhiteTeam "Think Rochade - SC HRO"]
[BlackTeam "Greifswalder SV"]

1.d4 d5 2.Nc3 Nf6 3.Bf4 Bf5 4.Nf3 Nc6 5.e3 e6 6.a3 Be7 7.Nb5 Rc8 8.Bd3 Bxd3
9.cxd3 Bd6 10.Nxd6+ cxd6 11.h3 Qd7 12.O-O O-O 13.Rc1 Nb8 14.Rxc8 Rxc8 15.Qe2 h6
16.e4 dxe4 17.dxe4 d5 18.e5 Ne4 19.Nd2 Nxd2 20.Bxd2 Rc2 21.b3 Nc6 22.Qd3 Ra2
23.b4 a6 24.f4 b6 25.f5 exf5 26.Rxf5 Nxd4 27.Rf4 Nf5 28.Rxf5 Rxd2 29.Qxd2 Qxf5
30.Qxd5 g6 31.Qd8+ Kg7 32.Qxb6 Qxe5 33.Qxa6 Qa1+ 34.Kh2 Qb2 35.b5 h5 36.b6 Qf6
37.Qa7 g5 38.b7 Qe7 39.b8=Q Qxa7 40.Qxa7 g4 41.Qd4+
1-0

[Event "Landesjugendeinzelmeisterschaft M-V u14"]
[Site "Malchow 2024"]
[Date "2024.02.03"]
[Round "1.1"]
[White "Jakobi, Paul Leonhard"]
[Black "Herrmann, Jakob"]
[Result "0-1"]
[WhiteElo "1054"]
[BlackElo "2031"]
[Time "14:30:00"]
[WhiteTeam "SF Schwerin"]
[BlackTeam "SAV Torgelow-DrÃ¶geheide 90"]

1.e4 c6 2.d4 d5 3.exd5 cxd5 4.c3 Bf5 5.Bd3 Bxd3 6.Qxd3 Nc6 7.Nf3 Nf6 8.O-O e6
9.Bg5 Be7 10.Re1 O-O 11.Nbd2 Qc7 12.Rac1 b5 13.Rc2 Rab8 14.a3 Rfc8 15.h3 Na5
16.b4 Nc4 17.Nxc4 dxc4 18.Qd2 Rb6 19.Ra2 Ra6 20.Bf4 Qb7 21.Qc2 Nd5 22.Bg3 Ra4
23.Qc1 a5 24.Ree2 Ra8 25.Qa1 axb4 26.cxb4 Qa6 27.Ne5 Nxb4 28.Rad2 Rxa3 29.Qb2 c3
30.Qxa3 cxd2 31.Qb3 Qa1+ 32.Kh2 d1=Q 33.Qxd1 Qxd1 34.Re4 Ra1 35.Bf4 Bh4 36.Bc1
Bxf2 37.Nf3 Rxc1 38.Re1 Bxe1 39.d5 Bf2 40.Ne1 Qxe1 41.dxe6 Bg3#
0-1

[Event "Landesjugendeinzelmeisterschaft M-V u14"]
[Site "Malchow 2024"]
[Date "2024.02.03"]
[Round "1.2"]
[White "Gavrylyuk, Oleksandr"]
[Black "Martinez, Gabriel"]
[Result "1-0"]
[WhiteElo "1390"]
[BlackElo "981"]
[Time "14:30:00"]
[WhiteTeam "TuS Makkabi Rostock"]
[BlackTeam "Think Rochade - SC HRO"]

1.e4 e5 2.Nf3 Nc6 3.Bb5 Nge7 4.O-O a6 5.Ba4 b5 6.Bb3 h6 7.c3 Ng6 8.d4 d6 9.Re1
Bb7 10.Nbd2 Be7 11.Nf1 O-O 12.Ng3 Bf6 13.Nf5 Bc8 14.Ne3 a5 15.Bd5 Ra6 16.Qd3 Rb6
17.Bxc6 Nf4 18.Qf1 Rxc6 19.Qxb5 Ra6 20.Nc2 c6 21.Qf1 Rb6 22.Rd1 Ba6 23.c4 Ne6
24.dxe5 Be7 25.exd6 Bf6 26.e5 Bh4 27.b3 f6 28.Nxh4 fxe5 29.Ng6 Rf5 30.Ne7+ Kh7
31.Nxf5 Qf6 32.Ng3 e4 33.Be3 c5 34.Nxe4 Qe5 35.Qd3 Bb7 36.Nf6+ Kh8 37.Qh7#
1-0

[Event "Landesjugendeinzelmeisterschaft M-V u14"]
[Site "Malchow 2024"]
[Date "2024.02.03"]
[Round "1.3"]
[White "Stier, Edgar"]
[Black "SchrÃ¶der, Hannes Artur"]
[Result "0-1"]
[WhiteElo "972"]
[BlackElo "1310"]
[Time "14:30:00"]
[WhiteTeam "ESV Waren"]
[BlackTeam "SG Eintracht Neubrandenburg"]

1.e4 e5 2.Nf3 Nc6 3.Bc4 Bc5 4.O-O d6 5.d3 Bg4 6.h3 Bh5 7.Ng5 Bxd1 8.Nxf7 Qe7
9.Nxh8 Bxc2 10.Nc3 Nf6 11.Nd5 Nxd5 12.Bxd5 O-O-O 13.Nf7 Rf8 14.Bg5 Qd7 15.Be3
Bxd3 16.Ng5 Kb8 17.Rfd1 Bxe3 18.fxe3 Nb4 19.Nxh7 Rh8 20.Ng5 Nxd5 21.Rxd3 Nf6
22.Rf1 b6 23.Rd2 Rh5 24.Nf3 Nxe4 25.Rdd1 g5 26.Nxe5 Qe8 27.Ng4 Kb7 28.Rd4 Rh4
29.Rf5 Rxg4 30.hxg4 Ng3 31.Rf3 Ne2+ 32.Kf2 Nxd4 33.exd4 Qe4 34.Re3 Qf4+ 35.Ke2
Qxg4+ 36.Kd3 Qxg2 37.Re2 Qf1 38.Kd2 g4 39.Re1 Qf4+ 40.Kd3 g3 41.Re4 Qxe4+
42.Kxe4 g2 43.Kd3 g1=Q 44.Kc3 Qe3+ 45.Kc4 c6 46.Kb4 a5+ 47.Ka4 Ka6 48.b3 b5+
49.Ka3 Qc1#
0-1

[Event "Landesjugendeinzelmeisterschaft M-V u14"]
[Site "Malchow 2024"]
[Date "2024.02.03"]
[Round "1.4"]
[White "Chandrasekher, Ritu"]
[Black "Isaiev, Andrii"]
[Result "1-0"]
[WhiteElo "1387"]
[BlackElo "967"]
[Time "14:30:00"]
[WhiteTeam "TuS Makkabi Rostock"]
[BlackTeam "TuS Makkabi Rostock"]

1.e4 e5 2.Nf3 Nc6 3.d4 d6 4.d5 Nb4 5.a3 Na6 6.Be2 Ne7 7.O-O g6 8.Bg5 h6 9.Bf6
Rh7 10.Nc3 Bg7 11.Bxg7 Rxg7 12.Qd2 Bg4 13.Qxh6 Rg8 14.h3 Bxf3 15.Bxf3 Qd7 16.Bg4
f5 17.exf5 gxf5 18.Bh5+ Kd8 19.Bf7 Nc5 20.Bxg8 Nxg8 21.Qf8+ Qe8 22.Qxf5 Ne7
23.Qg5 Kc8 24.b4 Nd7 25.f4 exf4 26.Rxf4 b6 27.Raf1 Kb7 28.Re4 Ne5 29.a4 N7g6
30.a5 a6 31.axb6 cxb6 32.Rf6 Qg8 33.Rxd6
1-0

[Event "Landesjugendeinzelmeisterschaft M-V u14"]
[Site "Malchow 2024"]
[Date "2024.02.03"]
[Round "1.4"]
[White "Chandrasekher, Ritu"]
[Black "Isaiev, Andrii"]
[Result "1-0"]
[WhiteElo "1387"]
[BlackElo "967"]
[Time "14:30:00"]
[WhiteTeam "TuS Makkabi Rostock"]
[BlackTeam "TuS Makkabi Rostock"]

1.e4 e5 2.Nf3 Nc6 3.d4 d6 4.d5 Nb4 5.a3 Na6 6.Be2 Ne7 7.O-O g6 8.Bg5 h6 9.Bf6
Rh7 10.Nc3 Bg7 11.Bxg7 Rxg7 12.Qd2 Bg4 13.Qxh6 Rg8 14.h3 Bxf3 15.Bxf3 Qd7 16.Bg4
f5 17.exf5 gxf5 18.Bh5+ Kd8 19.Bf7 Nc5 20.Bxg8 Nxg8 21.Qf8+ Qe8 22.Qxf5 Ne7
23.Qg5 Kc8 24.b4 Nd7 25.f4 exf4 26.Rxf4 b6 27.Raf1 Kb7 28.Re4 Ne5 29.a4 N7g6
30.a5 a6 31.axb6 cxb6 32.Rf6 Qg8 33.Rxd6 Rc8 34.Rxe5 Nxe5 35.Qxe5 Qh7 36.Qd4 b5
37.Qb6+ Ka8 38.Qxa6+ Qa7+ 39.Qxa7+ Kxa7 40.Nxb5+ Kb7 41.h4 Ra8 42.g3 Kc8 43.c4
1-0

[Event "Landesjugendeinzelmeisterschaft M-V u14"]
[Site "Malchow 2024"]
[Date "2024.02.03"]
[Round "1.5"]
[White "Klatt, Erik Alexander"]
[Black "Natsagdorj, Zelme"]
[Result "0-1"]
[WhiteElo "924"]
[BlackElo "1404"]
[Time "14:30:00"]
[WhiteTeam "SV Empor KÃ¼hlungsborn"]
[BlackTeam "SC Mecklenburger Springer"]

1.e4 e5 2.Nf3 Nc6 3.Nc3 Nf6 4.g3 Bc5 5.d3 d6 6.Bg2 Bg4 7.Bg5 h6 8.Bd2 O-O 9.O-O
Nd4 10.Re1 Nh7 11.Nd5 Nf6 12.Nxf6+ Qxf6 13.Re3 Nxf3+ 14.Rxf3 Bxf3 15.Bxf3 c6
16.a3 Rad8 17.b4 Bb6 18.Be3 Bxe3 19.fxe3 d5 20.Qe2 Qd6 21.Rf1 d4 22.Bh5 dxe3
23.Qxe3 Qd4 24.Qf2 Qxf2+ 25.Rxf2 g6 26.Be2 Rd6 27.c4 Ra8 28.c5 Rd4 29.h4 h5
30.Rf3 a5 31.Rf1 axb4 32.axb4 Rxb4 33.Kh1 Ra2 34.Re1 Rbb2 35.Bf1 Rc2 36.Bh3 Rh2+
37.Kg1 Rxh3 38.Rb1 Rxg3+ 39.Kh1 Rxd3 40.Rxb7 Rd1#
0-1

[Event "Landesjugendeinzelmeisterschaft M-V u14"]
[Site "Malchow 2024"]
[Date "2024.02.03"]
[Round "1.6"]
[White "Eschrig, Immanuel"]
[Black "Asmussen, Henry"]
[Result "1-0"]
[WhiteElo "1459"]
[BlackElo "1192"]
[Time "14:30:00"]
[WhiteTeam "Greifswalder SV"]
[BlackTeam "HSG Stralsund"]

1.e4 e5 2.Nf3 Nc6 3.Nc3 Bb4 4.d4 d6 5.Bb5 Bd7 6.O-O Nf6 7.Bg5 O-O 8.Bxc6 Bxc6
9.dxe5 dxe5 10.Nd5 Re8 11.Nxb4 Bxe4 12.Qe2 Bxf3 13.Qxf3 Rb8 14.Rad1 e4 15.Qg3
Nh5 16.Rxd8 Nxg3 17.Rxe8+ Rxe8 18.hxg3 Re5 19.Bf4 Rc5 20.c3 c6 21.Re1 g5 22.Bd6
Rd5 23.Nxd5 cxd5 24.Rd1
1-0

[Event "Landesjugendeinzelmeisterschaft M-V u14"]
[Site "Malchow 2024"]
[Date "2024.02.03"]
[Round "1.7"]
[White "BÃ¼hrt, Matteo"]
[Black "Vakeel, Eshwar"]
[Result "0-1"]
[WhiteElo "795"]
[BlackElo "1324"]
[Time "14:30:00"]
[WhiteTeam "ESV Waren"]
[BlackTeam "SSC Rostock 07"]

1.e4 e5 2.Nf3 Nc6 3.Bc4 Nf6 4.Nc3 Bc5 5.d3 h6 6.O-O d6 7.a3 Bg4 8.Be3 Nd4 9.Bxd4
Bxd4 10.Rb1 O-O 11.Nd5 Nxd5 12.Bxd5 c6 13.Bb3 Qf6 14.Qe2 Bxf3 15.Qxf3 Qxf3
16.gxf3 Kh7 17.c3 Bb6 18.Rbd1 f5 19.d4 fxe4 20.fxe4 exd4 21.cxd4 c5 22.d5 a6
23.Rde1 Rfe8 24.Bc2 Kh8 25.Ba4 Re7 26.Bb3 Bc7 27.f3 Rf7 28.Re3 b5 29.Kg2 Bb6
30.Rc3 c4 31.Ba2 Bd4
0-1

[Event "Landesjugendeinzelmeisterschaft M-V u14"]
[Site "Malchow 2024"]
[Date "2024.02.03"]
[Round "1.7"]
[White "BÃ¼hrt, Matteo"]
[Black "Vakeel, Eshwar"]
[Result "0-1"]
[WhiteElo "795"]
[BlackElo "1324"]
[Time "14:30:00"]
[WhiteTeam "ESV Waren"]
[BlackTeam "SSC Rostock 07"]

1.e4 e5 2.Nf3 Nc6 3.Bc4 Nf6 4.Nc3 Bc5 5.d3 h6 6.O-O d6 7.a3 Bg4 8.Be3 Nd4 9.Bxd4
Bxd4 10.Rb1 O-O 11.Nd5 Nxd5 12.Bxd5 c6 13.Bb3 Qf6 14.Qe2 Bxf3 15.Qxf3 Qxf3
16.gxf3 Kh7 17.c3 Bb6 18.Rbd1 f5 19.d4 fxe4 20.fxe4 exd4 21.cxd4 c5 22.d5 a6
23.Rde1 Rfe8 24.Bc2 Kh8 25.Ba4 Re7 26.Bb3 Bc7 27.f3 Rf7 28.Re3 b5 29.Kg2 Bb6
30.Rc3 c4 31.Ba2 Bd4 32.Rc2 Rf4 33.Rd2 Be5 34.b3 c3 35.Rd3 Rh4 36.h3 Rc8 37.Rc1
Rf4 38.Rc2 g5 39.Kg3 Rxe4+ 40.Kg2 Rf4 41.b4 h5 42.Bb3 g4 43.Rf2 Rcf8 44.a4 Rxb4
0-1

[Event "Landesjugendeinzelmeisterschaft M-V u14"]
[Site "Malchow 2024"]
[Date "2024.02.03"]
[Round "1.8"]
[White "Stepanjan, Tatevik Mia"]
[Black "Lipkowski, Calvin"]
[Result "1-0"]
[WhiteElo "1337"]
[BlackElo "791"]
[Time "14:30:00"]
[WhiteTeam "ESV 1888 Wittenberge"]
[BlackTeam "SAV Torgelow-DrÃ¶geheide 90"]

1.e4 e5 2.Nf3 Nc6 3.Bb5 Nf6 4.d3 Bc5 5.O-O d6 6.Bg5 Bg4 7.h3 Bxf3 8.Qxf3 O-O
9.Nc3 Nd4 10.Qg3 h6 11.Bxh6 Bb4 12.Qxg7#
1-0

[Event "Landesjugendeinzelmeisterschaft M-V u14"]
[Site "Malchow 2024"]
[Date "2024.02.03"]
[Round "1.9"]
[White "Zielke, Finn"]
[Black "Wrage, Julius"]
[Result "0-1"]
[WhiteElo "774"]
[BlackElo "1237"]
[Time "14:30:00"]
[WhiteTeam "SC Mecklenburger Springer"]
[BlackTeam "SAV Torgelow-DrÃ¶geheide 90"]

1.e4 c6 2.Nf3 d5 3.Nc3 dxe4 4.Nxe4 Bg4 5.Bc4 e6 6.O-O Nf6 7.d3 a5 8.Bg5 Be7 9.h3
Bxf3 10.Qxf3 b5 11.Nxf6+ Bxf6 12.Bf4 bxc4 13.Bxb8 Rxb8 14.Qxc6+ Kf8 15.Qxc4 Rxb2
16.Rfe1 Rb4 17.Qc5+ Qe7 18.Qxa5 Bxa1 19.Rxa1 g6 20.a3 Rb2 21.c4 Qf6 22.Qa8+ Kg7
23.Qa7 Rhb8 24.Rc1 R8b6 25.c5 Qxf2+ 26.Kh2 Qxg2#
0-1

[Event "Landesjugendeinzelmeisterschaft M-V u16"]
[Site "Malchow 2024"]
[Date "2024.02.03"]
[Round "1.1"]
[White "Stepanjan, Marianne"]
[Black "Janssen, Julika"]
[Result "1-0"]
[WhiteElo "1678"]
[BlackElo "1322"]
[Time "14:30:00"]
[WhiteTeam "ESV 1888 Wittenberge"]
[BlackTeam "TuS Makkabi Rostock"]

1.e4 c5 2.Nf3 e6 3.d4 cxd4 4.Nxd4 a6 5.Nc3 Qc7 6.Be2 Nc6 7.Be3 Be7 8.Qd2 d6
9.O-O Nf6 10.f4 O-O 11.f5 Nxd4 12.Bxd4 exf5 13.exf5 b5 14.Bf3 Rb8 15.Nd5 Nxd5
16.Bxd5 Qd8 17.Ba7 Bb7 18.Bxb8 Qxb8 19.Bxb7 Qxb7 20.Rad1 Rd8 21.Qd5 Qc7 22.c3
Bf6 23.Rfe1 Be5 24.Rxe5 h6 25.Re2 Kh7 26.Rde1 Qb8 27.Qxf7
1-0

[Event "Landesjugendeinzelmeisterschaft M-V u16"]
[Site "Malchow 2024"]
[Date "2024.02.03"]
[Round "1.2"]
[White "Tadewaldt, Stanley Fiete"]
[Black "Brandt, Mattis"]
[Result "0-1"]
[WhiteElo "1287"]
[BlackElo "1315"]
[Time "14:30:00"]
[WhiteTeam "SAV Torgelow-DrÃ¶geheide 90"]
[BlackTeam "Greifswalder SV"]

1.e4 e5 2.Nf3 Nc6 3.Bc4 Bc5 4.c3 Nf6 5.d4 exd4 6.e5 Qe7 7.Qe2 d3 8.Bxd3 Ng4
9.Be3 Nxe3 10.fxe3 Nxe5 11.Nxe5 Qxe5 12.e4 d6 13.Nd2 Be6 14.O-O-O Bxa2 15.Kc2
Be6 16.Nf3 Qf6 17.Rhf1 Qe7 18.e5 O-O-O 19.exd6 Rxd6 20.Bc4 Bf5+ 21.Kc1 Be3+
22.Nd2 Qe4 23.Bb3 Qb1#
0-1

[Event "Landesjugendeinzelmeisterschaft M-V u16"]
[Site "Malchow 2024"]
[Date "2024.02.03"]
[Round "1.3"]
[White "Briese, Paul"]
[Black "Tank, Julian"]
[Result "1-0"]
[WhiteElo "1553"]
[BlackElo "1248"]
[Time "14:30:00"]
[WhiteTeam "SAV Torgelow-DrÃ¶geheide 90"]
[BlackTeam "Think Rochade - SC HRO"]

1.e4 c5 2.Nf3 d6 3.d4 cxd4 4.Nxd4 a6 5.Nc3 Nf6 6.f3 e5 7.Nb3 Be7 8.Be3 Nc6 9.Qd2
b5 10.O-O-O Bd7 11.g4 h5 12.g5 Nh7 13.h4 Be6 14.Nd5 Bxd5 15.exd5 Na7 16.Na5 Qc7
17.f4 exf4 18.Bxf4 O-O-O 19.Bh3+ Kb8 20.Be3 Rde8 21.Rhe1 Bd8 22.b4 g6 23.Qd4 Ka8
24.Qxa7+ Qxa7 25.Bxa7 Bxa5 26.bxa5 Kxa7 27.Bd7 Re5 28.Rxe5 dxe5 29.Bc6 f6
30.gxf6 Nxf6 31.Re1 Ng4 32.Bd7 Kb7 33.Bxg4 hxg4 34.Rxe5 Rxh4 35.Rg5 Rh5 36.Rxg4
Rxd5 37.Rxg6 b4 38.Rb6+ Ka7 39.Rxb4 Rxa5 40.Kb2 Rb5 41.Kb3 Kb6 42.a4 Rxb4+
43.Kxb4 a5+ 44.Kc4 Kc6 45.c3 Kb6 46.Kd5 Kb7 47.Kc5 Ka6
1-0

[Event "Landesjugendeinzelmeisterschaft M-V u16"]
[Site "Malchow 2024"]
[Date "2024.02.03"]
[Round "1.4"]
[White "Hampe, Florian"]
[Black "Vollmer, Willem Maarten"]
[Result "1/2-1/2"]
[WhiteElo "1220"]
[BlackElo "1501"]
[Time "14:30:00"]
[WhiteTeam "Lok Gymnas Pritzwalk"]
[BlackTeam "SF Schwerin"]

1.d4 d5 2.c4 e6 3.Nc3 Nf6 4.a3 c5 5.Nf3 h6 6.Bf4 Qa5 7.e3 Bd7 8.Bd3 Be7 9.O-O
O-O 10.Bc2 dxc4 11.Ne4 Bb5 12.a4 Ba6 13.Ne5 c3 14.Re1 cxb2 15.Rb1 c4 16.Nxf6+
Bxf6 17.Qh5 Bxe5 18.dxe5 f5 19.Qg6 Qb6 20.Bxh6 Rf7 21.Bxg7 Rxg7 22.Qe8+
1/2-1/2

[Event "Landesjugendeinzelmeisterschaft M-V u16"]
[Site "Malchow 2024"]
[Date "2024.02.03"]
[Round "1.5"]
[White "Drechsler, Andor"]
[Black "Lantow, Alexander"]
[Result "1-0"]
[WhiteElo "1494"]
[BlackElo "1216"]
[Time "14:30:00"]
[WhiteTeam "SAV Torgelow-DrÃ¶geheide 90"]
[BlackTeam "SSC Rostock 07"]

1.e4 e5 2.Nf3 Nc6 3.Bc4 Bc5 4.c3 Nf6 5.d3 a5 6.a4 h6 7.O-O O-O 8.Nbd2 d6 9.h3
Re8 10.Re1 Be6 11.Bb3 Qd7 12.Bxe6 Rxe6 13.Nf1 Rd8 14.d4 exd4 15.cxd4 Bb4 16.d5
Bxe1 17.dxe6 Bxf2+ 18.Kxf2 Qxe6 19.Ng3 Nxe4+ 20.Nxe4 Qxe4 21.Be3 Re8 22.Qb3 Nb4
23.Rd1 Nc2 24.Rd3 Nxe3 25.Rxe3 Qxe3+ 26.Qxe3 Rxe3 27.Kxe3 Kf8 28.Kd4 Ke7 29.Kc4
c6 30.Nd2 Ke6 31.Nb3 b6 32.Nd4+ Kd7 33.Nf5 d5+ 34.Kd4 Ke6 35.Nxg7+ Kd6 36.Nf5+
Ke6 37.Nxh6 c5+ 38.Kd3 f5 39.g4 fxg4 40.Nxg4 Kf5 41.Ne3+ Ke5 42.h4 d4 43.Nc4+
Kf4 44.Nxb6 Kg4 45.Nd7
1-0

[Event "Landesjugendeinzelmeisterschaft M-V u16"]
[Site "Malchow 2024"]
[Date "2024.02.03"]
[Round "1.6"]
[White "Pommerehnke, Marla"]
[Black "Peilert, Maximilian"]
[Result "0-1"]
[WhiteElo "1112"]
[BlackElo "1463"]
[Time "14:30:00"]
[WhiteTeam "TuS Makkabi Rostock"]
[BlackTeam "Think Rochade - SC HRO"]

1.d4 c6 2.Bf4 d5 3.Nf3 Bf5 4.e3 Nf6 5.c3 Nbd7 6.Nbd2 Ne4 7.Nxe4 Bxe4 8.Bd3 Nf6
9.O-O e6 10.Bxe4 Nxe4 11.Nd2 Nf6 12.h3 Bd6 13.Bh2 O-O 14.Re1 Bxh2+ 15.Kxh2 Qd6+
16.Kg1 Rfe8 17.e4 e5 18.exd5 exd4 19.cxd4 Rxe1+ 20.Qxe1 Re8 21.Qd1 Qxd5 22.Nb3
Nh5 23.Qd2 Qe6 24.Kf1 Qc4+ 25.Kg1 Re2 26.Qc3 Qxc3 27.bxc3 Rc2 28.Re1 Kf8 29.Re5
Nf6 30.Na5 Rb2 31.Kf1 Nd5 32.c4 Nc3 33.d5 f6 34.Re3 Rxa2 35.Nxb7 Ra1+ 36.Re1
Rxe1+ 37.Kxe1 cxd5 38.cxd5 Nxd5 39.Kd2 Nf4 40.Nd8 Nxg2 41.Ne6+ Kf7 42.Nd4 Nf4
43.h4 Kg6
0-1

[Event "Landesjugendeinzelmeisterschaft M-V u16"]
[Site "Malchow 2024"]
[Date "2024.02.03"]
[Round "1.7"]
[White "WellÃŸow, Lio Keanu"]
[Black "Garde, Edgar Emil"]
[Result "1-0"]
[WhiteElo "1131"]
[BlackElo "1087"]
[Time "14:30:00"]
[WhiteTeam "HSG Stralsund"]
[BlackTeam "TuS Makkabi Rostock"]

1.d4 Nf6 2.c4 g6 3.Nc3 Bg7 4.Nf3 d6 5.e3 O-O 6.Be2 Qe8 7.b3 Nbd7 8.a4 e5 9.Ba3
c5 10.dxe5 Nxe5 11.Qxd6 Nfd7 12.Rc1 b6 13.Nd5 Nxf3+ 14.Bxf3 Qe5 15.Qxe5 Nxe5
16.Ne7+ Kh8 17.Bxa8 Nd3+ 18.Ke2 Nxc1+ 19.Rxc1 Bg4+ 20.Bf3 Bxf3+ 21.Kxf3 Re8
22.Nc6 a5 23.Rd1 Bf6 24.Rd2 Rc8 25.Na7 Ra8 26.Nb5 h5 27.Bb2 Bxb2 28.Rxb2 Kg7
29.Nc7 Ra7 30.Nd5 Rb7 31.h4 Kh6 32.g4 hxg4+ 33.Kxg4 f5+ 34.Kg3 Rd7 35.f4 Kg7
36.Rh2 Rd8 37.h5 Rh8 38.hxg6 Rxh2 39.Kxh2 Kxg6 40.Nxb6 Kf6 41.Nd7+
1-0

[Event "Landesjugendeinzelmeisterschaft M-V u16"]
[Site "Malchow 2024"]
[Date "2024.02.03"]
[Round "1.8"]
[White "Saalmann, Emil"]
[Black "Asmussen, Johann"]
[Result "0-1"]
[WhiteElo "958"]
[BlackElo "1208"]
[Time "14:30:00"]
[WhiteTeam "ESV 1888 Wittenberge"]
[BlackTeam "HSG Stralsund"]

1.e4 c5 (1...e5 2.Nc3 Nc6 3.Bb5 a6 4.Bxc6 dxc6 5.f4 Nf6 6.Nf3 Bg4 7.O-O) 2.Nc3
Nc6 3.Bb5 a6 4.Bxc6 dxc6 5.f4 Nf6 6.Nf3 Bg4 7.O-O e6 8.d3 Be7 9.h3 Bxf3 10.Rxf3
Qc7 11.a4 O-O-O 12.Qf1 Qb6 13.a5 Qc7 14.Be3 Nd7 15.e5 f6 16.exf6 gxf6 17.Rf2
Rdg8 18.Re2 f5 19.Qf2 Rg6 20.Qf3 Bd6 21.Kh1 Rhg8 22.Nb1 Nf6 23.c4 Rh6 24.Nd2 Ng4
25.Nf1 Nxe3 26.Nxe3 Bxf4 27.Nc2 Rg3 28.Qf1 Rxd3 29.Rxe6 Rdxh3+ 30.gxh3 Rxe6
31.Qf2 Qd6 32.Rg1 Rg6 33.Rf1 Qd3 34.Qxf4 Qxc2 35.Qxf5+ Qxf5 36.Rxf5 Rd6 37.Rf8+
Kc7 38.Rf7+ Rd7 39.Rxd7+ Kxd7 40.Kg2 Ke6 41.Kf3 Kf6 42.b3 h6 43.h4 h5 44.Kg3 Ke5
0-1

[Event "Landesjugendeinzelmeisterschaft M-V u16"]
[Site "Malchow 2024"]
[Date "2024.02.03"]
[Round "1.8"]
[White "Saalmann, Emil"]
[Black "Asmussen, Johann"]
[Result "0-1"]
[WhiteElo "958"]
[BlackElo "1208"]
[Time "14:30:00"]
[WhiteTeam "ESV 1888 Wittenberge"]
[BlackTeam "HSG Stralsund"]

1.e4 c5 2.Nc3 Nc6 3.Bb5 a6 4.Bxc6 dxc6 5.f4 Nf6 6.Nf3 Bg4 7.O-O e6 8.d3 Be7 9.h3
Bxf3 10.Rxf3 Qc7 11.a4 O-O-O 12.Qf1 Qb6 13.a5 Qc7 14.Be3 Nd7 15.e5 f6 16.exf6
gxf6 17.Rf2 Rdg8 18.Re2 f5 19.Qf2 Rg6 20.Qf3 Bd6 21.Kh1 Rhg8 22.Nb1 Nf6 23.c4
Rh6 24.Nd2 Ng4 25.Nf1 Nxe3 26.Nxe3 Bxf4 27.Nc2 Rg3 28.Qf1 Rxd3 29.Rxe6 Rdxh3+
30.gxh3 Rxe6 31.Qf2 Qd6 32.Rg1 Rg6 33.Rf1 Qd3 34.Qxf4 Qxc2 35.Qxf5+ Qxf5 36.Rxf5
Rd6 37.Rf8+ Kc7 38.Rf7+ Rd7 39.Rxd7+ Kxd7 40.Kg2 Ke6 41.Kf3 Kf6 42.b3 h6 43.h4
h5 44.Kg3 Ke5
0-1

[Event "Landesjugendeinzelmeisterschaft M-V u16"]
[Site "Malchow 2024"]
[Date "2024.02.03"]
[Round "1.9"]
[White "Troschke, Bennet"]
[Black "KÃ¶nig, Luca"]
[Result "1-0"]
[WhiteElo "1398"]
[BlackElo "936"]
[Time "14:30:00"]
[WhiteTeam "Greifswalder SV"]
[BlackTeam "Think Rochade - SC HRO"]

1.e4 c5 2.Nf3 Nc6 3.d4 d6 4.d5 Ne5 5.Nxe5 dxe5 6.Nc3 f5 7.Bd3 Nh6 8.Bxh6 gxh6
9.Qh5+ Kd7 10.Qxf5+ Kd6 11.Nb5#
1-0

[Event "Landesjugendeinzelmeisterschaft M-V u18"]
[Site "Malchow 2024"]
[Date "2024.02.03"]
[Round "1.1"]
[White "Quade, Luca"]
[Black "Tovmasyan, Minas"]
[Result "0-1"]
[WhiteElo "1195"]
[BlackElo "1779"]
[Time "14:30:00"]
[WhiteTeam "TuS Makkabi Rostock"]
[BlackTeam "TuS Makkabi Rostock"]

1.e4 c5 2.Nf3 e6 3.d4 cxd4 4.Nxd4 a6 5.Nc3 Qc7 6.Be3 Bb4 7.Qd2 Nf6 8.Bd3 d5 9.f3
e5 10.exd5 Nxd5 11.Nde2 Nxe3 12.Qxe3 Be6 13.a3 Be7 14.O-O-O Nd7 15.Rhf1 f5 16.h3
O-O 17.g4 f4 18.Qf2 b5 19.Ne4 Rfc8 20.h4 Nc5 21.Nxc5 Bxc5 22.Qg2 a5 23.Rfe1 Be3+
24.Kb1 b4 25.a4 Qc6 26.b3 Bd5 27.Ng1 Bd4 28.Bxh7+ Kxh7 29.Rd3 Be3 30.Red1 Bxg1
31.Rxd5 Bd4 32.c4 bxc3 33.Qc2+ Qg6 34.Rd3 Kg8 35.h5 Qf7 36.Rb5 Rab8 37.Rd1 Rxb5
38.axb5 Rb8 39.h6 Rxb5 40.h7+ Kh8 41.Ka2 a4 42.Qe4 Qxb3+ 43.Ka1 Qa3#
0-1

[Event "Landesjugendeinzelmeisterschaft M-V u18"]
[Site "Malchow 2024"]
[Date "2024.02.03"]
[Round "1.2"]
[White "Schulz, Bruno Andreas"]
[Black "KÃ¶pnick, Amanda"]
[Result "1/2-1/2"]
[WhiteElo "1737"]
[BlackElo "1355"]
[Time "14:30:00"]
[WhiteTeam "TuS Makkabi Rostock"]
[BlackTeam "TuS Makkabi Rostock"]

1.d4 d5 2.c4 e6 3.Nf3 c5 4.e3 Nc6 5.Nc3 Nf6 6.b3 Be7 7.Bb2 O-O 8.Be2 b6 9.O-O
Bb7 10.cxd5 exd5 11.dxc5 Bxc5 12.Na4 Be7 13.Rc1 Ne4 14.Qc2 Bf6 15.Rfd1 Bxb2
16.Qxb2 Ng5 17.Qd2 Nxf3+ 18.Bxf3 Ne7 19.Qd4 Rc8 20.Nc3 Re8 21.Nxd5 Rxc1 22.Nxe7+
Qxe7 23.Rxc1 Bxf3 24.gxf3 Rd8 25.Qg4 Qb7 26.Qg5 Qd7 27.Rc4 h6 28.Qh4 Rc8 29.Rd4
Qc7 30.Qe4 b5 31.Qf5 Qc1+ 32.Kg2 a6 33.Rd6 Ra8 34.Qd5 Qc8 35.Rd7 Qe8 36.Rxf7 Kh8
37.Rf4 Rd8 38.Qb7 Rd2 39.Rg4 Qe5 40.Qa8+ Kh7 41.Qxa6 Qb2 42.Qg6+ Kh8 43.Qe8+ Kh7
44.Rd4 Rxf2+ 45.Kg3 Rg2+ 46.Kf4 Rg6 47.Qxb5 Qxh2+ 48.Ke4 Qxa2 49.Qf5 Qc2+ 50.Rd3
Qc6+ 51.Kd4 Kh8 52.Qf8+ Kh7 53.Qf5 Kh8 54.Qf8+ Kh7 55.Qf5
1/2-1/2